000 00716nac a22002051u 4500
020 _a058247373X
035 _a(CaONFCNI)ny4743181
082 _a320.01
_bGRA
090 _c6966
_d6966
100 _aGraham, Paul.
245 1 0 _aIntroduction to political theory :
_bconcepts and ideologies /
_cPaul Graham, John Hoffman.
260 _aHarlow :
_bLongman,c.2005.
_cc.2005.
300 _a1 v. ;
_c25 cm.
500 _aDistributer: Al-Ahram.
511 _aCatalogued By: Mahitab.
650 _aPolitical Theories.
650 _aPolitical Science.
942 _cBB
_k320.01GRA
999 _c6966
_d6966